Last Stanley Cup Championship - Statistics

General Stats
  • This quiz has been taken 108 times
    28 since last reset
  • The average score is 29 of 32
Answer Stats
Team Year % Correct
Vegas Golden Knights 2023
100%
Nashville Predators Never
100%
Seattle Kraken Never
100%
Utah Mammoth Never
100%
Vancouver Canucks Never
100%
Winnipeg Jets Never
100%
Tampa Bay Lightning 2021
96%
Florida Panthers 2025
96%
Buffalo Sabres Never
96%
Minnesota Wild Never
96%
San Jose Sharks Never
96%
Toronto Maple Leafs 1967
92%
Boston Bruins 2011
92%
Pittsburgh Penguins 2017
92%
Washington Capitals 2018
92%
St. Louis Blues 2019
92%
Colorado Avalanche 2022
92%
Columbus Blue Jackets Never
92%
New York Islanders 1983
88%
Edmonton Oilers 1990
88%
Montreal Canadiens 1993
88%
Carolina Hurricanes 2006
88%
Anaheim Ducks 2007
88%
Ottawa Senators Never
88%
Philadelphia Flyers 1975
83%
New York Rangers 1994
83%
New Jersey Devils 2003
83%
Detroit Red Wings 2008
83%
Los Angeles Kings 2014
83%
Chicago Blackhawks 2015
83%
Calgary Flames 1989
79%
Dallas Stars 1999
79%
No matching quizzes found
Score Distribution
Percent of People with Each Score
Percentile by Number Answered
Your Score History
You have not taken this quiz since the last reset